000 01061nam a22003497a 4500
001 BR0603414
003 BR-BrBNA
005 20230928102230.0
007 ta
008 230509b bl.||||| |||| 00| 0 por d
040 _aBR-BrBNA
_bpor
_cBiblioteca Nacional de Agricultura
041 _a(Por)
072 _aL01
_b5214
090 _ 5214 BR0603414
110 1 _aServiço Nacional de Aprendizagem Rural, Belo Horizonte, MG (Brasil)
_99459
110 1 _aCentro Nacional de Pesquisa de Gado de Leite, Juiz de Fora, MG (Brasil0
245 1 _aManual técnico: trabalhador na bovinocultura de leite
260 3 _aBelo Hoarizonte, MG (Brasil):
_c1997.
300 _a271 p.
500 _aSeveral bibliography
650 _aGADO LEITEIRO
650 _aPASTAGEM
650 _aPLANTA FORRAGEIRA
650 _aALIMENTO PARA ANIMAL
650 _aREPRODUÇÃO ANIMAL
650 _aSANIDADE ANIMAL
650 _aMELHORAMENTO ANIMAL
650 _aSANIDADE ANIMAL
650 _aTRABALHADOR RURAL
909 _a202309
_bLucia
_c55
_dLucia Elande
942 _cBK
999 _c69772
_d69772